Catálogo público

Memorias del congreso internacional de la carne la carne (Record no. 106531)

MARC details
000 -CABECERA
campo de control de longitud fija 01469nam a2200373 a 4500
001 - NÚMERO DE CONTROL
campo de control 000110069
003 - IDENTIFICADOR DEL NÚMERO DE CONTROL
campo de control CHAP
005 - FECHA Y HORA DE LA ÚLTIMA TRANSACCIÓN
campo de control 20220329144117.0
008 - DATOS DE LONGITUD FIJA--INFORMACIÓN GENERAL
campo de control de longitud fija 140721s2013 |s || | | d
010 ## - NÚMERO DE CONTROL DE LA BIBLIOTECA DEL CONGRESO
Número de control de LC 106531
011 ## - ENLACE DEL NUMERO DE CONTROL DE LA BIBLIOTECA DEL CONGRESO [OBSOLETO]
Número de control de LC 107503
040 ## - FUENTE DE LA CATALOGACIÓN
Centro/agencia transcriptor CHAP
090 ## - LOCALMENTE ASIGNADO TIPO-LC NÚMERO DE CLASIFICACIÓN (OCLC); NÚMERO DE CLASIFICACIÓN LOCAL (RLIN)
Número de clasificación (OCLC) (R) ; Numero de clasificación, CALL (RLIN) (NR) CD-399
111 20 - ENTRADA PRINCIPAL--NOMBRE DE CONGRESO/REUNIÓN
Nombre de congreso/reunión o jurisdicción como elemento de entrada Congreso Internacional de la carne
Fecha del congreso/reunión (2013:
Sede del congreso/Lugar de la reunión México, D.F.)
9 (RLIN) 126328
245 #0 - MENCIÓN DE TÍTULO
Título Memorias del congreso internacional de la carne la carne
Medio [Disco compacto]
Resto del título la carne que comemos /
Mención de responsabilidad, etc. Asociación Mexicana de Engordadores de Ganado Bovino,.
260 ## - PUBLICACIÓN, DISTRIBUCIÓN, ETC.
Lugar de publicación, distribución, etc. México, D.F. :
Nombre del editor, distribuidor, etc. Asociación Mexicana de Engordadores de Ganado Bovino,
Fecha de publicación, distribución, etc. 2013 .
300 ## - DESCRIPCIÓN FÍSICA
Extensión 3 CD ;
Dimensiones 4 3/4 plg. .
500 ## - NOTA GENERAL
Nota general Información de los CD: Memorias 2012; Memorias 2013; Revista carne de bovino, indicadores economicos de la industria 16a ed.
590 ## - NOTA LOCAL (RLIN)
Nota local E11695DGD
Procedencia (VM) [OBSOLETO] 10
Condición del los carretes individuales (VM) [OBSOLETO] 20140721
-- UCH01
-- 0959
590 ## - NOTA LOCAL (RLIN)
Nota local E11695DGD
Procedencia (VM) [OBSOLETO] 10
Condición del los carretes individuales (VM) [OBSOLETO] 20140721
-- UCH01
-- 1000
590 ## - NOTA LOCAL (RLIN)
Nota local E11695DGD
Procedencia (VM) [OBSOLETO] 10
Condición del los carretes individuales (VM) [OBSOLETO] 20140721
-- UCH01
-- 1000
590 ## - NOTA LOCAL (RLIN)
Nota local E11695DGD
Procedencia (VM) [OBSOLETO] 10
Condición del los carretes individuales (VM) [OBSOLETO] 20140721
-- UCH01
-- 1000
590 ## - NOTA LOCAL (RLIN)
Nota local E11695DGD
Procedencia (VM) [OBSOLETO] 10
Condición del los carretes individuales (VM) [OBSOLETO] 20140721
-- UCH01
-- 1000
590 ## - NOTA LOCAL (RLIN)
Nota local E11695DGD
Procedencia (VM) [OBSOLETO] 10
Condición del los carretes individuales (VM) [OBSOLETO] 20140721
-- UCH01
-- 1000
590 ## - NOTA LOCAL (RLIN)
Nota local E11695DGD
Procedencia (VM) [OBSOLETO] 10
Condición del los carretes individuales (VM) [OBSOLETO] 20140721
-- UCH01
-- 1006
650 14 - PUNTO DE ACCESO ADICIONAL DE MATERIA--TÉRMINO DE MATERIA
Término de materia o nombre geográfico como elemento de entrada Carne
Subdivisión general Consumo.
9 (RLIN) 19067
650 14 - PUNTO DE ACCESO ADICIONAL DE MATERIA--TÉRMINO DE MATERIA
Término de materia o nombre geográfico como elemento de entrada Carne
Subdivisión general Inspección.
9 (RLIN) 19087
650 14 - PUNTO DE ACCESO ADICIONAL DE MATERIA--TÉRMINO DE MATERIA
Término de materia o nombre geográfico como elemento de entrada Carne
Subdivisión general Mercadeo.
9 (RLIN) 19090
650 14 - PUNTO DE ACCESO ADICIONAL DE MATERIA--TÉRMINO DE MATERIA
Término de materia o nombre geográfico como elemento de entrada Carne
Subdivisión general Producción.
9 (RLIN) 19109
710 2# - PUNTO DE ACCESO ADICIONAL--NOMBRE DE ENTIDAD CORPORATIVA
Nombre de entidad corporativa o nombre de jurisdicción como elemento de entrada Asociación Mexicana de Engordadores de Ganado Bovino
9 (RLIN) 126329
901 ## - ELEMENTOS DE DATOS A LOCAL LDA (RLIN)
a BK
942 ## - ELEMENTOS DE PUNTO DE ACCESO ADICIONAL (KOHA)
Tipo de ítem Koha CD
942 ## - ELEMENTOS DE PUNTO DE ACCESO ADICIONAL (KOHA)
Suprimir en OPAC 0
Holdings
Estado de retiro Estado de pérdida Estado dañado Restricciones de uso No para préstamo Código de colección Localización permanente Ubicación/localización actual Fecha de adquisición Información codificada de la localización en otra ubicación Total de préstamos Signatura topográfica completa Código de barras Fecha visto por última vez Precio válido a partir de Tipo de ítem Koha Nota pública
      Préstamo interno2 Excluido de préstamo Material multimedia Biblioteca Central Biblioteca Central 21/07/2014 CD   CD-399 (2012) 33724002415280 31/12/2019 31/12/2019 CD Recien adquirido
      Préstamo interno2 Excluido de préstamo Material multimedia Biblioteca Central Biblioteca Central 21/07/2014 CD   CD-399 (2013) 33724002415322 31/12/2019 31/12/2019 CD Recien adquirido
      Préstamo interno2 Excluido de préstamo Material multimedia Biblioteca Central Biblioteca Central 21/07/2014 CD   CD-399 (Revista) 33724002415363 31/12/2019 31/12/2019 CD Recien adquirido